LEADER 01001nam0-22003371i-450 001 990007874300403321 005 20180709161026.0 010 $a1-59051-035-6 035 $a000787430 035 $aFED01000787430 035 $a(Aleph)000787430FED01 035 $a000787430 100 $a20040426d2002----km-y0itay50------ba 101 0 $aeng 102 $aUS 105 $aa---a---001yy 200 1 $a<> brain and the inner world$ean introduction to the neuroscience of subjective experience$fMark Solms and Oliver Turnbull 210 $aNew York$cOther Press$d2002 215 $aXV, 342 p.$cill.$d24 cm 610 0 $aNeuroscienze$aMente e cervello 676 $a612.8$v21$zita 676 $a153$v20 700 1$aSolms,$bMark$0213098 701 1$aTurnbull,$bOliver$0282355 801 0$aIT$bUNINA$gRICA$2UNIMARC 901 $aBK 912 $a990007874300403321 952 $aP.1 N 16$bBibl. 44143$fFLFBC 959 $aFLFBC 996 $aBrain and the inner world$928248 997 $aUNINA LEADER 01775nam0 2200385 i 450 001 MIL0495562 005 20251003044234.0 010 $a8849501374 020 $aIT$b2002-1441 100 $a20130827d2001 ||||0itac50 ba 101 | $aita 102 $ait 181 1$6z01$ai $bxxxe 182 1$6z01$an 200 1 $aGlobalizzazione: solidarietà o esclusione?$f\relazioni di! M. Abella ... \et al.!$ga cura di Roberto Papini, con la collaborazione di LetiziaPostiglione 210 $aNapoli \etc.!$cEdizioni scientifiche italiane$d\2001! 215 $a418 p.$d24 cm 225 | $aGlobo$v3 300 $aPresentate a un convegno tenuto a Milano nel 1998 300 $aTrad.di vari. 410 0$1001UBO0278858$12001 $aGlobo$v3 606 $aSocietà e sviluppo economico$2FIR$3CFIC000371$9E 606 $aEconomia mondiale$2FIR$3CFIC040544$9E 676 $a330.9049$9SITUAZIONI E CONDIZIONI ECONOMICHE. 1990-1999$v21 702 1$aPapini$b, Roberto$f <1938- >$3CFIV026415 702 1$aAbella$b, Manolo$3MILV249036 801 3$aIT$bIT-000000$c20130827 850 $aIT-BN0095 $aIT-NA0079 $aIT-NA0075 901 $bNAP BN$cMAGAZZINO $nmagazzini correnti divisi per anni 901 $bNAP 01$cPOZZO LIB.$nVi sono collocati fondi di economia, periodici di ingegneria e scienze, periodici di economia e statistica e altri fondi comprendenti documenti di economia pervenuti in dono. 912 $aMIL0495562 950 0$aBiblioteca Centralizzata di Ateneo$c1 v.$d 01POZZO LIB.ECON MON 3523$e 01AR 0700306975E VMA 1 v. (Precedente collocazione: EC (AR) 30 697)$fB $h20140825$i20140825 977 $a 01$a BN$a GE 996 $aGlobalizzazione$9157159 997 $aUNISANNIO